Maladies de la moëlle et du bulbe (non systematisës) (Record no. 110365)

MARC details
000 -LEADER
campo de control de longitud fija 00803nam a2200205 i 4500
001 - NÚMERO DE CONTROL
campo de control 110365
003 - IDENTIFICADOR DE NÚMERO DE CONTROL
campo de control ES-MaACL
005 - FECHA Y HORA DE LA ÚLTIMA TRANSACCIÓN
campo de control 20230906185033.0
007 - CAMPO FIJO DE DESCRIPCIÓN FÍSICA--INFORMACIÓN GENERAL
campo de control de longitud fija t|
008 - DATOS DE LONGITUD FIJA--INFORMACIÓN GENERAL
campo de control de longitud fija 061121s1908 fr r ||||1| fre d
100 1# - ENTRADA PRINCIPAL--NOMBRE DE PERSONA
Nombre de persona Oddo, Constantine.
9 (RLIN) 86515
245 10 - MENCIÓN DEL TÍTULO
Título Maladies de la moëlle et du bulbe (non systematisës)
Resto del título : poliomyèlites selèrose en plaques, syringomyèlie /
Mención de responsabilidad, etc. Constantine Oddo.
260 ## - PUBLICACIÓN, DISTRIBUCIÓN, ETC.
Lugar de publicación, distribución, etc. París :
Nombre del editor, distribuidor, etc. Evreux,
Fecha de publicación, distribución, etc. 1908 (
Fabricante Ch. Hèrissey et fils)
300 ## - DESCRIPCIÓN FÍSICA
Extensión 376 p. :
Otras características físicas il. ;
Dimensiones 18 cm.
490 1# - MENCIÓN DE SERIE
Mención de serie Encyclopèdie scientifique. Bibliothèque de neurologie et de psychiatrie
650 #4 - PUNTO DE ACCESO ADICIONAL DE MATERIA--TÉRMINO DE MATERIA
Término de materia o nombre geográfico como elemento de entrada Médula espinal-
Subdivisión general Enfermedades.
9 (RLIN) 165415
830 0# - PUNTO DE ACCESO ADICIONAL DE SERIE-TÍTULO UNIFORME
Título uniforme Encyclopèdie scientifique. Bibliothèque de neurologie et de psychiatrie
9 (RLIN) 233019
852 ## - LOCALIZACIÓN
Ubicación ES-MaACL
Número de control de estantería D-4294
Holdings
Estatus retirado Estado de pérdida Estado de daño No para préstamo Biblioteca de origen Biblioteca actual Ubicación en estantería Fecha de adquisición Fuente de adquisición Total de préstamos Signatura topográfica completa Código de barras Visto por última vez Precio de reemplazo Tipo de ítem Koha
        Biblioteca del Ateneo de Madrid Biblioteca del Ateneo de Madrid Sala Valle Inclán 17/01/2008     D-4294 901115143 23/02/2023 23/02/2023 Libro impreso